Jak rozumět integrované marketingové komunikaci

Pojem integrovaná marketingová komunikácia z dvoch uhlov pohľadu. Prvý predstavuje komplexné poňatie komunikácie vo vzťahu k jej príjemcom navonok a do vnútra firmy. Druhý je zameraný na efektívnosť použitia nástrojov komunikačnej politiky, ktorá sa zvyšuje komplexným prepojením jednotlivých nástroj...

Ausführliche Beschreibung

Gespeichert in:
Bibliographische Detailangaben
1. Verfasser: Vávrová, Věra
Format: Buchkapitel
Sprache:Tschechisch
Schlagworte:
Tags: Tag hinzufügen
Keine Tags, Fügen Sie das erste Tag hinzu!

MARC

LEADER 00000naa a2200000 4500
001 0185087
005 20231115070548.6
041 0 |a cze 
044 |a CZ 
245 1 0 |a Jak rozumět integrované marketingové komunikaci  |c Věra Vávrová 
520 |a Pojem integrovaná marketingová komunikácia z dvoch uhlov pohľadu. Prvý predstavuje komplexné poňatie komunikácie vo vzťahu k jej príjemcom navonok a do vnútra firmy. Druhý je zameraný na efektívnosť použitia nástrojov komunikačnej politiky, ktorá sa zvyšuje komplexným prepojením jednotlivých nástrojov marketingového mixu. 
610 2 0 |a firmy 
610 2 0 |a komunikácia externá 
610 2 0 |a komunikácia interná 
610 2 0 |a komunikácia interpersonálna 
610 2 0 |a komunikácia 
610 2 0 |a efektívnosť 
610 2 0 |a nástroje marketingové 
100 1 |a Vávrová, Věra